[Event "Montreal 8th"]
[Site "Montreal"]
[Date "2007.07.24"]
[Round "5"]
[White "Tiviakov, Sergei"]
[Black "Eljanov, Pavel"]
[Result "1-0"]
[WhiteElo "2648"]
[BlackElo "2701"]
[Annotator "Tiviakov,S"]
[PlyCount "77"]
[EventDate "2007.07.19"]
[EventType "tourn"]
[EventRounds "9"]
[EventCountry "CAN"]
[EventCategory "16"]
[SourceTitle "CBM 119"]
[Source "ChessBase"]
[SourceDate "2007.08.01"]
[SourceVersion "1"]
[SourceVersionDate "2007.08.01"]
[SourceQuality "1"]

{This game was played in the 5th round of the Montreal tournament. In the 4th
round I lost Kamsky and the next day I was extremely motivated to restore my
leading position in the tournament.} 1. e4 e5 {This game came as a big
surprise to me. The main answer of Pavel to 1.e4 is 1...c5 and most of the day
before the game I spent preparing against it.} 2. Nf3 Nc6 3. Bb5 a6 4. Ba4 Nf6
5. d3 {Here I spent a lot of time... My main answers in this position are
connected with the move Qd1-e2 immediately now or after 5.0-0 Be7, 6.Qe2. I
have already played the line with 6.Qe2 in my 3rd round game against Nigel
Short and have managed to win a very nice game. But in the present game
against Pavel Eljanov I have finally (after a long thought) decided to choose
another approach in order to avoid all possible preparation of my opponent and
play 5.d3. Nevertheless the move 5.d3 is not entirely new in my repertoire, I
have tried it once, one month ago at the Dutch championship 2007 against R.
Janssen and have won a good game. But, of course, objectively speaking, it is
not possible to get an advantage after 5.d3 if Black plays correctly. But I
like the closed character of the position where the fate of the game is
decided by the fact who plays better chess but not who knows more of the
theory.} d6 {This move is the strongest if connected with g7-g6 and the
development of the bishop to g7. If Black plays b7-b5 early then in most cases
White can create initiative attacking the pawn b5 by a2-a4.} 6. c3 g6 7. Bg5 {
White has many different plans and ideas here. And it is not so easy to choose
one. Studying the variation with 5.d3 before my game against Janssen I liked
this plan a lot...} Bg7 8. Nbd2 O-O 9. Nf1 {The knight goes to e3 where it
will block all Black activity in the center connected with the move d6-d5.} h6
10. Bh4 b5 11. Bb3 ({It is quite difficult in this type of the position to
select a square for the bishop. If White plays} 11. Bc2 {immediately then the
knight remains on c6 but Black can play} d5 $5 {, for example.}) 11... Na5 12.
Bc2 c5 {But now Black gets a strong pawns' structure in the centre and on the
queen's side.} 13. Ne3 Be6 14. O-O Qd7 $146 {Only this move is new. And I
think it is better than the other moves tried here before. The idea of Black
is to play Nf6-g4, exchanging the pair of knights. Well, we can conclude that
up to this moment Black has played well, making natural good moves, equalising
the position.} (14... Qc7 15. a3 c4 16. d4 Nh5 17. Qd2 Nf4 18. Bg3 g5 19. Nf5
Bxf5 20. exf5 e4 21. Bxf4 exf3 22. Bg3 fxg2 23. Kxg2 Nb3 24. Bxb3 cxb3 25. h4
gxh4 26. Bxh4 Qc6+ 27. f3 f6 28. Rg1 Qd5 29. Qf4 {1/2-1/2 Rohit G (IND)
-Sethuraman S P (IND)/Delhi (India) 2006 (29)}) (14... Rb8 15. d4 cxd4 16. cxd4
Nc4 17. Nxc4 bxc4 18. d5 Bg4 19. h3 Bxf3 20. Qxf3 Rxb2 21. Bxf6 Bxf6 22. Qc3
Qb6 23. Bb3 Qd4 24. Qxc4 Qxc4 25. Bxc4 a5 26. Rab1 Rfb8 27. Rxb2 Rxb2 28. Re1
a4 29. Re2 Rb1+ 30. Kh2 Bd8 31. Rc2 Bb6 32. Bd3 Rd1 33. Bb5 a3 34. Kg3 Bc5 35.
Kf3 Kg7 36. Ke2 Rg1 37. g3 Rh1 38. Bd3 Rxh3 39. f4 Rxg3 40. fxe5 Rg2+ 41. Kf3
Rxc2 42. Bxc2 dxe5 43. Ke2 h5 44. Kd3 Kf6 45. Kc4 Bf8 46. Kb5 Kg5 47. Kc6 h4
48. Bd3 Kf4 49. d6 h3 50. Bf1 Kg3 {0-1 Al-Modiahki Mohamad (QAT)-Kobalia
Mikhail (RUS)/Gibraltar (England) 2006 (50)}) 15. a3 $6 {Played too
optimistically. It was better to make a much more useful move such as} (15. Re1
$5 {, preparing the advance d3-d4.}) ({After} 15. d4 exd4 16. cxd4 Ng4 $11 {
Black gets equal chances, the bishop g7 also becomes very strong.}) 15... Ng4
16. Nxg4 ({After} 16. h3 Nxe3 17. fxe3 $11 {the position remains equal.}) 16...
Bxg4 17. h3 Be6 ({Of course, it is better not to exchange the bishop for the
knight by} 17... Bxf3 18. Qxf3 $14 {when White gets a plus.}) 18. Re1 ({After} 
18. d4 exd4 19. cxd4 cxd4 20. Nxd4 Bc4 21. Re1 Nc6 {Black makes White to
exchange the knights, thus making the position equal:} 22. Nxc6 Qxc6 23. Rb1
$11) 18... f5 ({There is nothing wrong with this move. But I was hoping that
in this game exactly such things will happen. Eljanov is an active attacking
player and whenever he has an opportunity he tries to seize the initiative.
But sometimes he takes too much risk... And exactly such things are happening
in this game. I would have played solid} 18... Nc6 $5 {, preventing d3-d4 and
only later playing f7-f5.}) 19. d4 $6 ({Objectively this move is not the
strongest in the position.} 19. exf5 $142 gxf5 20. b4 Nc6 $13 {with unclear
position should have been played. But during the game I saw a very nice
positional piece sacrifice and liked it very much! So I decided to take a risk
and go for it, although during the game I saw that with the correct play I
could have landed into trouble.}) 19... f4 $6 ({And immediately Black commits
a mistake, being attracted by the possibility to win a piece. Like a mouse who
sees the chees, wants to get it and falls into trap. :-) But the idea to win a
piece was correct, only the practical realisation is wrong. It was necessary
to include the exchange on d4 first} 19... cxd4 20. cxd4 {and only afterwards
to play} ({or} 20. exf5 gxf5 21. cxd4 e4 $17 {with advantage for Black}) 20...
f4 21. dxe5 g5 {. The difference is that after} 22. exd6 {Black has
intermediate} Bxb2 $1 {at his disposal, winning a very important pawn. After} (
22... gxh4 23. e5 $44 {|^}) 23. Rb1 Nc4 $17 {Black is better. But, of course,
during the game it is not so easy to calculate everything precisely. And
obviously Black wanted to keep the pawns on c5 and c3, since the pawn c5
controls the very important square d4.}) (19... exd4 20. cxd4 $13 {leads to an
unclear position and if} f4 $140 {then in a similar way as in the game White
seizes the initiative after} 21. e5 $1 dxe5 22. Nxe5 Bxe5 23. Rxe5 $16 {
with advantage.}) 20. dxe5 g5 ({After} 20... dxe5 21. Qxd7 Bxd7 22. Be7 Rfc8
23. Bd6 $16 {White wins a pawn since} Nc4 $140 {can be met by} 24. Bb3) 21.
exd6 gxh4 $2 ({Probably, a decisive mistake. But at this point it was still
possible to save a game. After the correct} 21... Nc4 22. e5 Nxb2 (22... gxh4
23. b3 $16 {is bad for Black}) 23. Qe2 Nc4 (23... gxh4 24. Be4 Nc4 25. Bxa8
Rxa8 $13 {is unclear}) 24. Bxg5 hxg5 25. Qe4 Bf5 26. Qd5+ Be6 ({after} 26...
Qe6 27. Be4 $16 {despite being a piece down White is better} (27. Qxe6+ Bxe6
28. Nxg5 Bd7 $13)) 27. Qe4 $11 {White has nothing better than to repeat the
moves with a draw.}) 22. e5 Nc6 ({Or} 22... Nc4 23. b3 $16 {with advantage for
White.}) 23. b4 $1 $16 {This strong move was missed by my opponent. White now
secures the control over the very important square d4, also getting the
possibilty to open the 'a' line.} c4 (23... cxb4 {is answered by} 24. axb4 $16
{, followed by Be4, Nd4. And the central passed pawns should eventually decide
the fate of the game into White favour.} (24. Nd4 Nxd4 25. cxd4 f3 $13)) 24. a4
$1 bxa4 $6 (24... Rae8 25. axb5 axb5 $16 {could have offered more resistance.
But, obviously, my opponent has been demoralised at this moment. And he
collapses...}) 25. Bxa4 Qb7 ({After} 25... Rac8 26. Nd4 $18 {White wins.}) 26.
Bxc6 $1 ({Another important move, exchanging the bishop but getting the
control over the d4 square, with a complete domination.} 26. Qc2 $5 {was a
worthy alternative to the text.}) 26... Qxc6 27. Nd4 Qd7 28. Qf3 $18 {Now
White should win easily.} Kh8 29. Ra5 Qf7 30. Rc5 {Threatening with Rc5-c7.}
Ra7 ({After} 30... Rac8 {White has several ways to win. One of them is} 31.
Nxe6 $5 Qxe6 32. Rxc8 Rxc8 33. Qg4 (33. Qxf4 $18) 33... Qxg4 34. hxg4 $18) 31.
Qe4 (31. Ra1 $18 {immediately was possible, but I was in no way in a hurry and
played very safe, avoiding all possible tricks.}) 31... Re8 32. Kf1 Rd7 33. Re2
Kg8 34. Ra2 Qh5 35. f3 {The complete triumph of the White strategy - full
domination of the White pieces. Black is almost in zugzwang.} Qg5 36. Rxa6 Bxh3
{The last try to confuse the matters.} 37. gxh3 Bxe5 38. Nf5 Qf6 39. Raa5 {
Winning the bishop e5. Here Black resigned. I am very glad with my win in this
game aganst a strong young opponent from Ukraine.} 1-0

[Event "Montreal 10th"]
[Site "Montreal"]
[Date "2009.09.04"]
[Round "8"]
[White "Tiviakov, Sergei"]
[Black "Moiseenko, Alexander"]
[Result "1-0"]
[WhiteElo "2674"]
[BlackElo "2682"]
[Annotator "Tiviakov,S"]
[PlyCount "143"]
[EventDate "2009.08.27"]
[EventType "tourn"]
[EventRounds "11"]
[EventCountry "CAN"]
[EventCategory "15"]
[SourceTitle "CBM 132"]
[Source "ChessBase"]
[SourceDate "2009.09.16"]
[SourceVersion "1"]
[SourceVersionDate "2009.09.16"]
[SourceQuality "1"]

1. e4 c5 2. Nc3 Nc6 3. Bb5 Nd4 4. Bc4 e6 5. Nge2 Nf6 6. O-O a6 7. a4 Nxe4 (7...
d5) 8. Nxe4 d5 9. d3 $5 (9. Bd3) (9. Nxd4) 9... dxc4 (9... Nc6 10. Be3 dxc4 11.
dxc4 Qxd1 12. Rfxd1 b6 13. Nd6+ Bxd6 14. Rxd6 $14) (9... dxe4 10. dxe4 Nxe2+
11. Qxe2 b6 12. Bf4 Bb7 13. Rfd1 Qc8 14. Be5 $16) (9... Be7 10. Nxd4 cxd4 11.
Qg4 g6 12. Bb3 dxe4 13. dxe4 $14) 10. dxc4 Be7 (10... b6 11. Nxd4 (11. Bf4 Bb7
$11) (11. a5 Bb7 12. f3 Be7 (12... bxa5 $11) 13. c3 (13. axb6 Qxb6) (13. Bf4
O-O 14. Nxd4 cxd4 15. Be5 Bc5 16. axb6 Bxe4 17. fxe4 Qxb6 $15) 13... Nxe2+ 14.
Qxe2 bxa5 $11 15. Bf4 O-O 16. Rfd1 Qb6 17. Bd6 Rae8 $11) (11. Bg5 Qd7 12. a5
Bb7 13. f3 $13) 11... cxd4 (11... Qxd4 12. Qf3 Ra7 13. Rd1 $16 Qxc4 (13... Qe5
14. Bg5 f5 15. Rd8+ Kf7 16. Re1 $18) 14. b3 Qxc2 15. Rd2 $18) 12. Qf3 (12. Bg5
Qd7 (12... f6 13. Qh5+ Kd7 14. Rfd1 Kc7 15. Be3 e5 16. c3 $14) 13. a5 (13. Qd3
Bb7 14. Rfd1 Qc6 15. f3 e5 16. a5 f6 $15) 13... bxa5 14. Rxa5 (14. Qd3 Bb7 15.
Rxa5 Rc8 16. f3 Bb4 17. Raa1 f5 $15) 14... Qc7 $15) 12... Ra7 13. a5 bxa5 (
13... Rd7 14. Bd2 Bb7 15. Qd3 Be7 16. b4 O-O 17. Rfe1 e5 18. Ng3 $11) 14. Bf4
Rd7 (14... Bb7 15. Be5 Ba8 (15... f5 16. Qh5+ g6 17. Qd1 $16) 16. Qd3 Rd7 17.
c5 $14) (14... Be7 15. Qg3 O-O 16. Bh6 Bf6 17. Rxa5 Kh8 18. Nxf6 Qxf6 19. Bf4
$16) 15. Be5 Bb7 16. Rfe1 Qb6 (16... Qh4 17. c5 f5 18. Qb3 (18. Nd6+ Bxd6 19.
c6 O-O $11) 18... Bxe4 (18... Bd5 19. Qa4 Bxe4 20. c6 Bxc6 21. Qxc6 $18) 19. c6
$16) 17. b3 $13) 11. Bf4 $1 $146 (11. Be3 e5 (11... Nxe2+ 12. Qxe2 Qc7 13. Qg4
O-O (13... Qe5 14. Qf4 Qxb2 (14... Qxf4 15. Bxf4 Bd7 16. Nd6+ Bxd6 17. Bxd6 $14
) 15. Nd6+ Bxd6 16. Qxd6 Qf6 17. Bxc5 $14) 14. Qg3 Qxg3 15. hxg3 b6 16. a5 f5
17. Nc3 Rb8 18. Rfd1 Rb7 (18... bxa5 19. b3 Bf6 20. Rd3 Rd8 21. Rxd8+ Bxd8 22.
Na4 Bf6 23. Rd1 $14) 19. axb6 Rxb6 20. b3 Rc6 21. Ra5 g5 22. Na4 Re8 23. f3 Bd6
24. Bxg5 Bc7 25. Rxc5 Bb6 26. Nxb6 Rxc5 27. b4 Rc6 28. Be3 e5 29. c5 e4 30. Kf2
exf3 31. gxf3 Rce6 32. Rd3 Bb7 33. c4 Bc6 34. Nd5 Rb8 35. Nc7 Rxe3 36. Kxe3
Rxb4 37. Nd5 Rb7 38. Ra3 Ra7 39. Nb4 Bb7 40. c6 Bc8 41. Ra5 Kf7 42. Nd5 Be6 43.
Kd4 {1-0 Hunt Harriet (ENG)-Jones Richard S (WLS)/England 2006 (43)}) 12. f4 (
12. c3 Nxe2+ (12... Ne6 13. Qxd8+ Kxd8 14. Rad1+ Ke8 15. Rd5 f6 16. Rfd1 b6 17.
Nd6+ $14) 13. Qxe2 Qc7 (13... f5 14. Nxc5 f4 15. Qh5+ Kf8 16. Ne4 $18) 14. f4
f5 15. Ng5 e4 $11 (15... O-O 16. fxe5 Qxe5 17. Rae1 Bxg5 18. Bxg5 Qxe2 19. Rxe2
Bd7 20. a5 $14)) 12... Be6 (12... Bg4 $13) 13. b3 f5 14. N4c3 Qc7 15. Nd5 Bxd5
16. cxd5 O-O 17. fxe5 Qxe5 18. Bxd4 cxd4 19. Nf4 Bg5 20. Qd2 Rad8 21. Rae1 Bxf4
22. Rxf4 Qxd5 23. Rd1 d3 24. Qxd3 Qc5+ 25. Rd4 Rxd4 26. Qxd4 Qxc2 27. Qd5+ Kh8
28. Re1 Qc6 29. Qxc6 bxc6 30. Re7 {1/2-1/2 Heberla Bartlomiej (POL)-Makarov
Marat (RUS)/Pardubice (Czech Republic) 2005}) (11. c3 Nxe2+ 12. Qxe2 Qc7 13.
Qg4 Qe5 14. Qf4 Qxf4 15. Bxf4 Bd7 16. Nd6+ Bxd6 17. Bxd6 Rc8 18. Ra3 Rc6 19.
Rd1 f6 20. f4 Bc8 21. a5 Kf7 22. Bb8 Ke7 23. Ba7 Rd8 24. Raa1 Rxd1+ 25. Rxd1
Bd7 26. Kf2 Rc8 27. b3 Be8 28. Ke3 Bg6 29. Rd2 Bf5 30. Bb6 h6 31. h4 h5 32. Rb2
Bg6 33. Re2 Be8 34. Rc2 Bd7 35. Rc1 Be8 36. g3 Bg6 37. b4 cxb4 38. cxb4 Be8 39.
Bc5+ Kf7 40. Rd1 Bc6 41. Rd6 Rc7 42. Rd8 Kg6 43. Bd6 Rd7 44. Rxd7 Bxd7 45. Bf8
Kf7 46. Bd6 Bc6 47. Kd4 Kg6 48. Bf8 Kf7 49. Bd6 Kg6 50. Bf8 Kf7 {1/2-1/2
Kovacevic,A-Saric,I/Vogosca BIH 2007/The Week in Chess 657 (50)}) (11. Nxd4
cxd4 (11... Qxd4 12. Qe2 Qe5 13. f4 Qc7 14. Bd2 O-O 15. Bc3 Bd7 16. a5 $14) 12.
Bf4 f6 13. Qh5+ g6 14. Qe2 e5 15. Bh6 f5 $13) 11... f6 (11... O-O 12. Nxd4 Qxd4
13. Qxd4 cxd4 14. Be5 $14) 12. c3 Nxe2+ 13. Qxe2 O-O (13... e5 $142 14. Be3 Qc7
(14... b6 15. Rfd1 Qc7 16. Qh5+ Kf8 17. a5 (17. Ng5 g6 $11) 17... Qc6 18. Ng3
$14) 15. Qh5+ g6 16. Qh6 $14) 14. Rfd1 Bd7 (14... Qa5 15. Bd6 Bxd6 16. Rxd6 $16
) 15. Bd6 Rc8 16. Qe3 $6 (16. b4 Bxd6 (16... cxb4 17. cxb4 Rc6 (17... Bxd6 18.
Nxd6 $16) 18. c5 $16) (16... b6 17. a5 $16) 17. Rxd6 $16) 16... Bxd6 17. Nxd6 (
17. Rxd6 Qe7 $14) 17... Rc7 18. b4 e5 19. a5 (19. f4 Qe7 20. bxc5 Bc6 $14) (19.
bxc5 Bc6 $14) (19. Ne4 $5 cxb4 20. cxb4 Qe7 21. Nd6 $14) 19... Qe7 20. Rd2 f5 (
20... Be6 21. bxc5 $14) 21. f4 $6 (21. b5 $1 {(/\b6, ><b7)} e4 (21... f4 22.
Qe4 f3 23. Qd5+ Be6 (23... Kh8 24. Re1 $18) 24. Qxe5 $18) 22. f3 (22. b6 Rc6
23. Rad1 Be6 24. Qf4 $16) 22... Be8 23. fxe4 fxe4 24. Re1 Bg6 25. Nxe4 $16)
21... e4 22. Rad1 (22. bxc5 Bc6 $14) (22. b5 Be6 23. Rad1 $14) 22... Ba4 23.
Re1 Rf6 24. bxc5 {[/\Rd5]} Bc6 25. Rd4 $14 h6 26. Rf1 Kh7 27. Rf2 Qe6 28. Kf1
Qe7 29. Ke1 Rd7 30. Rb2 Rf8 31. Kd1 Rc7 32. Kc1 Qh4 33. g3 Qh3 34. Rf2 Re7 35.
Kb2 Kh8 36. Ka3 Kh7 37. Kb4 Kh8 38. Rd1 Kh7 39. Re1 Kh8 40. Qd4 Kh7 41. Re3 Qh5
42. Qd2 Rd7 43. Qe1 Qh3 44. Qg1 (44. Qe2 $5 {/\Rg2, g4}) 44... Qh5 45. Rg2 Rf6
46. h3 Qg6 47. Rd2 (47. g4 Rfxd6 48. gxf5 Qxg2 49. Qxg2 Rf6 $13) 47... Rf8 48.
Qd1 Qe6 49. Rd4 Re7 50. Qh5 Qf6 51. Rd2 Re6 52. Qd1 Rd8 53. g4 fxg4 54. f5 (54.
Qxg4 $5) 54... Re5 55. hxg4 Qe7 56. Rd4 $5 (56. Ra2 $142 Rxc5 (56... Qc7 57.
Qd4 $16) (56... Kg8 57. Qd4 $16) 57. Kxc5 Qe5+ 58. Kb4 Rxd6 (58... Qf4 59. Qd2
Rxd6 60. Rd3 Qxd2 61. Rdxd2 $16) 59. Rd2 Rxd2 60. Qxd2 Qf4 61. Qe2 $14) (56.
Qg1 Qc7 (56... Rxc5 57. Kxc5 Qe5+ 58. Kb4 Rxd6 59. Qh2 $16) 57. Qg3 Rxc5 58.
Kxc5 Qxa5+ 59. Kd4 b6 60. Qe5 Qa3 $11) 56... Qc7 $2 (56... Rb8 $13) 57. Nf7 $3
Rde8 (57... Rxc5 58. Rxd8 Qxa5+ 59. Kb3 $18) 58. Nxe5 Rxe5 59. Rd5 $5 (59. Qd2
Rxc5 60. Kxc5 Qxa5+ 61. Kd6 Qd8+ 62. Ke5 $18) 59... Bxd5 60. cxd5 Re8 61. d6
Qf7 62. Qb3 Qd7 63. Qa4 Qf7 64. Ka3 Rc8 65. Qd4 Qd7 66. Rxe4 Qb5 67. Re7 Qxa5+
68. Kb2 Qb5+ 69. Kc1 Rg8 70. d7 Qf1+ 71. Kd2 Qg2+ 72. Re2 1-0